000 01029nam a22002537a 4500
003 OSt
005 20260122192437.0
008 230601b ||||| |||| 00| 0 eng d
040 _cSSBUL
041 _ashan
082 _223
_a959.116
_bသု
100 0 _aသုတသ်သၼႃၽိပႃလ၊
_cၸဝ်ႈၶူး။
_924932
245 1 0 _aပိုၼ်းၼွင်မွၼ် /
_cၸဝ်ႈၶူးသုတသ်သၼႃၽိပႃလ
260 _aတႃႈၵုင်ႈ၊
_bဢေး၊
_c2018 ။
300 _aA 37၊ 225 ၼႃႈ၊
_bပႃးၶႅပ်းႁၢင်ႈ၊
_c2018 ။
500 _aS-SAT: Dr. Prof Sai Aung Tun
500 _aပႃးပပ်ႉၸဝ်ႈတႃႇၼႁင်းၶေႃတွၵ်ႉတိူဝ်ႇၸၢႆးဢွင်ႇထုၼ်း (3) ပပ်ႉ
504 _aပႃးၽိုၼ်ဢိင်
650 _aပိုၼ်းၼွင်မွၼ်
_924933
942 _cBK
942 _2ddc
942 _2ddc
942 _2ddc
999 _c25046
_d25046